00537cam a2200169 a 4500008004100000020002300041100001700064245010000081250001300181260007800194300003500272500002000307650001300327003000100340005001700341040000900358  a052143565X (pbk. )1 aDavies, A.C.14aThe science and practice of welding :bvolume 1 welding science and technology /cA.C. Davies.  a10th ed. aCambridge :bPress Syndicate of the University of Cambridge,c1992-c1993. axiii, 347 p. :bill. ;c24 cm. aIncludes index. 0aWelding.20230123133244.0 cNUST